Segovia monumental / (Record no. 177214)

MARC details
000 -LEADER
campo de control de longitud fija 00731nam a22002175i 4500
001 - NÚMERO DE CONTROL
campo de control 177214
003 - IDENTIFICADOR DE NÚMERO DE CONTROL
campo de control ES-MaACL
005 - FECHA Y HORA DE LA ÚLTIMA TRANSACCIÓN
campo de control 20230906220259.0
008 - DATOS DE LONGITUD FIJA--INFORMACIÓN GENERAL
campo de control de longitud fija 110309s1953 sp o |||| | spa d
080 ## - NÚMERO DE LA CLASIFICACIÓN DECIMAL UNIVERSAL
Número de la Clasificación Decimal Universal 725.94(460.188 S.)
100 1# - ENTRADA PRINCIPAL--NOMBRE DE PERSONA
Nombre de persona Ceballos-Escalera, Isabel de.
9 (RLIN) 145500
245 10 - MENCIÓN DEL TÍTULO
Título Segovia monumental /
Mención de responsabilidad, etc. por Isabel de Ceballos-Escalera.
260 ## - PUBLICACIÓN, DISTRIBUCIÓN, ETC.
Lugar de publicación, distribución, etc. Madrid :
Nombre del editor, distribuidor, etc. Plus-Ultra,
Fecha de publicación, distribución, etc. imp. 1953.
300 ## - DESCRIPCIÓN FÍSICA
Extensión 157 p. :
Otras características físicas fot. bl. y n. ;
Dimensiones 22 cm.
490 1# - MENCIÓN DE SERIE
Mención de serie Los monumentos cardinales de España ;
Designación de volumen o secuencia 15
504 ## - NOTA DE BIBLIOGRAFÍA, ETC.
Nota de bibliografía, etc. Bibliografía: p. 157.
650 #4 - PUNTO DE ACCESO ADICIONAL DE MATERIA--TÉRMINO DE MATERIA
Término de materia o nombre geográfico como elemento de entrada Monumentos-
Subdivisión geográfica Segovia.
9 (RLIN) 145501
830 0# - PUNTO DE ACCESO ADICIONAL DE SERIE-TÍTULO UNIFORME
Título uniforme Los monumentos cardinales de España ;
Designación de volumen o secuencia 15
9 (RLIN) 190368
852 ## - LOCALIZACIÓN
Ubicación ES-MaACL
Número de control de estantería E-14628
Encuadernación Olim P-1021
Holdings
Estatus retirado Estado de pérdida Estado de daño No para préstamo Biblioteca de origen Biblioteca actual Ubicación en estantería Fecha de adquisición Fuente de adquisición Total de préstamos Signatura topográfica completa Código de barras Visto por última vez Precio de reemplazo Tipo de ítem Koha
        Biblioteca del Ateneo de Madrid Biblioteca del Ateneo de Madrid Depósito 2 09/03/2011     E-14628 1186123 23/02/2023 23/02/2023 Libro impreso